| 000 | 00678cam a22002293a 4500 | ||
|---|---|---|---|
| 001 | 28740 | ||
| 003 | PGUSA | ||
| 005 | 20140828083625.0 | ||
| 008 | 090509s2009||||xxu|||||s|||||000 1 eng d | ||
| 040 |
_aPGUSA _beng |
||
| 042 | _adc | ||
| 050 | 4 | _aPZ | |
| 100 | 1 | _aMorrison, Gertrude W. | |
| 245 | 1 | 4 |
_aThe Girls of Central High in Camp; Or, the Old Professor's Secret _h[electronic resource] / _cGertrude W. Morrison |
| 260 |
_bProject Gutenberg, _c2009 |
||
| 506 | _aPublic domain in the USA. | ||
| 516 | _aElectronic text | ||
| 653 | _aCamps -- Juvenile fiction | ||
| 830 | 0 |
_aProject Gutenberg _v28740 |
|
| 856 | 4 | 0 | _uhttp://www.gutenberg.org/ebooks/28740 |
| 942 | _cEB | ||
| 999 |
_c257995 _d257995 |
||